Générique 64, rue du zoo - Paroles - Statistiques

Statistiques générales
  • Ce quiz a été pris 23 fois
  • Le résultat moyen est 22 sur 38
Statistiques - réponses
Paroles % Correct
Rue du zoo, rue du {zoo}
100%
Rue des {animaux}
96%
Rue des {animaux}
96%
Rue du zoo, rue du {zoo}
96%
J'habite au 64, rue du {zoo}
91%
Rue des {animaux}
83%
Rue du zoo, rue du {zoo}
83%
Rue des {animaux}
78%
Rue des {animaux}
78%
Rue du zoo, rue du {zoo}
78%
Rue du zoo, rue du {zoo}
78%
Et on peut dire que j'ai des {voisins}
70%
Rue des {animaux}
65%
Rue des {animaux}
65%
Rue du zoo, rue du {zoo}
65%
Rue du zoo, rue du {zoo}
65%
De bonne {humeur}
61%
Bonjour, je m'appelle {Lucy}
57%
Certains ont une {bosse}
57%
Raconter leurs {histoires}
57%
Toujours à l'{heure}
57%
Vraiment très {spéciaux}
57%
Dans les pays {chauds}
52%
Jamais je ne m'{ennuie}
52%
Quand vient la {nuit}
52%
Ils viennent tous chaque {soir}
48%
Où chez les {esquimaux}
48%
Ils se font {peur}
43%
Ils sont {joueurs}
39%
Un petit peu trop {gros}
39%
Y'a même un {hippo}
39%
Drôle de {mélimélo}
35%
Et d'autres une {poche}
35%
Sous toutes les {météos}
35%
Ils sont tellement {rigolos}
30%
Ils jouent les {idiots}
26%
Venez voir mes {héros}
22%
Troupeau de {zigotos}
17%
Aucun quiz correspondant
Distribution des résultats
% des personnes avec chaque résultat
Percentile par nombre de réponses
Votre historique - résultats
Vous n’avez pas pris ce quiz